The Pak Banker

Detalles Bibliográficos
Formato: Desconocido
Lenguaje:inglés
Publicado: [India] : HT Media Ltd.
Materias:
Acceso en línea:Acceso restringido

MARC

LEADER 00000ny a22000003n 4500
005 20110516134822.0
008 101004s19uu9999ii dr p 0 0 |eng d
035 |a 6550 
040 |a BUS  |d vLex 
090 |c 1970  |d 1970 
245 3 4 |a The Pak Banker  |h [Recurso electrn̤ico] 
256 |a Servicio en ln̕ea 
260 |a [India] :  |b HT Media Ltd. 
310 |a Diaria 
506 1 |a Contenido solo disponible en los productos indicados  |d vLex Global  |d vLex Global (Academic Edition, excluding Law Schools)  |d vLex Global (U.S. Academic Edition, excluding Law Schools) 
650 0 4 |a Bancos 
740 0 |a vLex Revista (Servicios en ln̕ea) 
843 |a Electrn̤ica. Abierta 
853 |8 1  |i (year)  |j (month)  |k (day) 
856 4 0 |z Acceso restringido  |u http://vlex.com/account/login_ip?fuente_id=5204 
942 |c REV 
999 4 |a Revistas electrn̤icas.